Una de cal___ : 15 temas de formación para jóvenes y adultos /

Furkejuvvon:
Bibliográfalaš dieđut
Váldodahkki: Gómez Pérez, Rafael (autor)
Materiálatiipa: Girji
Giella:espánnjágiella
Fáttát:
Fáddágilkorat: Lasit fáddágilkoriid
Eai fáddágilkorat, Lasit vuosttaš fáddágilkora!

MARC

LEADER 00000nam^a2200000^a^4500
001 000380234
005 20250521000000.0
009 20260310120554.639
037 |a Acervo Xavier Clavigero 
041 |a ESP 
082 |a 248. 83  |b GOM 
100 |a Gómez Pérez, Rafael  |e (autor) 
245 1 0 |a Una de cal___ :  |b 15 temas de formación para jóvenes y adultos /  |c R. Gómez Pérez. 
264 |a México :  |b Buena Prensa,  |c 1972 
300 |a 232 p. 
336 |a texto  |b txt  |2 rdacontenido 
337 |a sin mediación  |b n  |2 rdamedio 
338 |a volumen  |b nc  |2 rdasoporte 
649 |a XX 
650 |a Jóvenes -  |x Condiciones Sociales y Culturales 
650 |a Adultos -  |x Condiciones Sociales y Culturales 
650 |a Vida Cristiana -  |x Tema Principal 
650 |a Conducta de Vida 
650 |a Actitudes 
650 |a Superación Personal y Autoayuda -  |x Tema Principal 
650 |a Desarrollo Humano 
650 |a Cristianismo 
650 |a Religión 
910 |a Fondo General 
920 |a Impresos - Libros 
930 |a Colección General 
905 |a 101 
901 |a 040960  |b IT1  |c ACC  |u 20250521 
902 |a https://opac.biblio.iteso.mx/vufind/Record/000380234